| 000 | 00740cab a2200217 4500 | ||
|---|---|---|---|
| 001 | ABS44477 | ||
| 008 | 090401t1991 xxu||||| |||| 00| 0 eng d | ||
| 035 | _a(Sirsi) u47366 | ||
| 041 | _aeng | ||
| 100 | _aDart, P.R. | ||
| 245 | _aRural business | ||
| 260 | _c1991 | ||
| 350 | _a0 | ||
| 490 |
_aFarm Management _v7(9) Spring 1991, 451-458 (8) |
||
| 520 | _aAdvises a professional attitude towards farm diversification with farmers collaborating on schemes for mutual benefit, conducting a proper feasibility study and approaching the planner with coherent ideas. Provides various statistics on farm diversification. | ||
| 650 | _aLEISURE | ||
| 650 | _aPLANNING | ||
| 690 | _aRURAL PRACTICE | ||
| 942 | _n0 | ||
| 948 | _c04/03/1997 | ||
| 999 |
_c29873 _d29873 |
||